000 01023nam a22002177a 4500
001 00260
003 DO-SdBNP
005 20231027124004.0
008 151204b 1992 ck xxu||||| |||| 00| 0 spa d
020 _a9580600074
040 _aBPMSU
_bspa
_cBPMSU
092 _axxxx
_bxxxx
100 1 _aGarcía Márquez, Gabriel
245 _aDoce cuentos peregrinos /
_cGabriel García Márquez.
260 _aBogotá, Colombia :
_bOveja Negra,
_c1992.
300 _a226 p. ;
_c22 cm.
505 _tPrólogo : por qué doce, por qué cuentos y por qué peregrinos -- Buen viaje, señor presidente -- La santa -- El avión de la bella durmiente -- Me alquilo para soñar -- "Sólo vine a hablar por teléfono" -- Espantos de agosto -- María dos Prazeres -- Diecisiete ingleses envenenados -- Tramontana -- El verano feliz de la señora Forbes -- La luz es como el agua -- El rastro de tu sangre en la nieve.
942 _2ddc
_cBK
945 _a Inventariado extranjero / 2018 VM
956 _aLorenza Pérez
_b10
999 _c9006
_d9006